Ứng dụng vi khuẩn Bacillus kháng bệnh đạo ôn (cháy lá) trên cây lúa OM3536 trồng tại huyện Càng Long tỉnh Trà Vinh : Luận văn tốt nghiệp Thạc sĩ ngành Sinh thái học

Đề tài xác định dòng vi khuẩn Bacillus hữu hiệu nhất đối với bệnh đạo ôn (cháy lá) trên lúa cao sản và hiệu quả kháng bệnh của vi khuẩn Bacillus.

Enregistré dans:
Détails bibliographiques
Auteur principal: Nguyễn, Tấn Đạt
Format: Livre
Langue:Undetermined
Publié: Cần Thơ Trường Đại học Cần Thơ 2014
Sujets:
Tags: Ajouter un tag
Pas de tags, Soyez le premier à ajouter un tag!
Thư viện lưu trữ: Trung tâm Học liệu Trường Đại học Cần Thơ
LEADER 01068nam a2200217Ia 4500
001 CTU_192966
008 210402s9999 xx 000 0 und d
082 |a 633.18 
082 |b Đ110 
088 |a 60420120 
100 |a Nguyễn, Tấn Đạt 
245 0 |a Ứng dụng vi khuẩn Bacillus kháng bệnh đạo ôn (cháy lá) trên cây lúa OM3536 trồng tại huyện Càng Long tỉnh Trà Vinh : 
245 0 |b Luận văn tốt nghiệp Thạc sĩ ngành Sinh thái học 
245 0 |c Nguyễn Tấn Đạt ; Cao Ngọc Điệp (Cán bộ hướng dẫn) 
260 |a Cần Thơ 
260 |b Trường Đại học Cần Thơ 
260 |c 2014 
520 |a Đề tài xác định dòng vi khuẩn Bacillus hữu hiệu nhất đối với bệnh đạo ôn (cháy lá) trên lúa cao sản và hiệu quả kháng bệnh của vi khuẩn Bacillus. 
650 |a Rice,Cây lúa 
910 |a Hải 
980 |a Trung tâm Học liệu Trường Đại học Cần Thơ